[Event "IECG CM.2004.0.00237 email"]
[Site "IECG email"]
[Date "2004.01.02"]
[Round "?"]
[White "Hotting, Arend"]
[Black "Thomson, Thomas"]
[Result "1-0"]
[WhiteElo "2475"]
[BlackElo "2400"]
[PlyCount "63"]
[EventDate "2004.01.02"]
[EventType "tourn (corr)"]
[EventRounds "6"]
[SourceTitle "Corr 2008"]
[Source "ChessBase"]
[SourceDate "2008.06.24"]
[SourceVersion "1"]
[SourceVersionDate "2008.06.24"]
[SourceQuality "1"]

1. e4 e5 2. Nf3 Nc6 3. Bb5 a6 4. Ba4 Nf6 5. 0-0 Be7 6. Re1 b5 7. Bb3 0-0 8. c3 d5 9. exd5 Nxd5 10. Nxe5 Nxe5 11. Rxe5 c6 12. d4 Bd6 13. Re1 Qh4 14. g3 Qh3 15. Re4 g5 16. Qf1 Qh5 17. f3 Bf5 18. Re1 Rae8 19. Nd2 Bd3 20. Qf2 Nf6 21. Re3 Rxe3 22. Qxe3 Qg6 23. Ne4 Bxe4 24. fxe4 Nxe4 25. a4 Re8 26. axb5 Bf4 27. Qd3 Bxc1 28. Rxc1 axb5 29. Rf1 Re7 30. Qe3 h6 31. g4 Kf8 32. d5 1-0

[Event "IECG CM.2003.0.00230 email"]
[Site "IECG email"]
[Date "2003.09.03"]
[Round "?"]
[White "Zielinski, Sergej"]
[Black "Thomson, Thomas"]
[Result "1/2-1/2"]
[WhiteElo "2275"]
[BlackElo "2400"]
[PlyCount "68"]
[EventDate "2003.09.03"]
[EventType "tourn (corr)"]
[EventRounds "6"]
[SourceTitle "Corr 2008"]
[Source "ChessBase"]
[SourceDate "2008.06.24"]
[SourceVersion "1"]
[SourceVersionDate "2008.06.24"]
[SourceQuality "1"]

1. e4 d6 2. d4 Nf6 3. Nc3 g6 4. Nf3 Bg7 5. Be2 0-0 6. 0-0 Bg4 7. Be3 c6 8. h3 Bxf3 9. Bxf3 Nbd7 10. Qd2 Qc7 11. a4 Rfe8 12. g4 Nb6 13. b3 a5 14. Bg2 e5 15. f4 exd4 16. Bxd4 Rad8 17. Rad1 Nc8 18. f5 Nd7 19. f6 Bf8 20. Na2 Nc5 21. Rfe1 h6 22. Nc1 Ne6 23. Bc3 b6 24. Kh1 Na7 25. Nd3 d5 26. Be5 Qc8 27. exd5 cxd5 28. Bg3 Nc6 29. Nf4 d4 30. Nd5 Nb4 31. Ne7+ Rxe7 32. fxe7 Bxe7 33. Be4 Na2 34. Bxg6 fxg6 1/2-1/2

[Event "IECC CL1-2003.04 email"]
[Site "IECC email"]
[Date "2003.03.17"]
[Round "?"]
[White "Lanin, Boris Aleksandrovic"]
[Black "Thomson, Thomas"]
[Result "1/2-1/2"]
[WhiteElo "2206"]
[BlackElo "2411"]
[PlyCount "66"]
[EventDate "2003.??.??"]
[EventType "tourn (corr)"]
[EventRounds "4"]
[SourceTitle "Corr 2008"]
[Source "ChessBase"]
[SourceDate "2008.06.24"]
[SourceVersion "1"]
[SourceVersionDate "2008.06.24"]
[SourceQuality "1"]

1. d4 d5 2. Nf3 e6 3. Bg5 Be7 4. Bxe7 Qxe7 5. Nbd2 Nf6 6. e3 0-0 7. Bd3 c5 8. c3 Nc6 9. Ne5 Nd7 10. Nxd7 Bxd7 11. f4 e5 12. dxe5 f6 13. Qf3 fxe5 14. Qxd5+ Kh8 15. 0-0-0 Bg4 16. Qe4 Bf5 17. Qc4 Bxd3 18. Qxd3 exf4 19. exf4 Rxf4 20. Rhe1 Qf7 21. Qe3 h6 22. Kb1 Rd8 23. Nf3 Rxd1+ 24. Rxd1 Qg6+ 25. Ka1 Rf6 26. Qe2 a6 27. Rd7 Re6 28. Qd2 b5 29. Rd5 c4 30. h4 Qe4 31. h5 Ne7 32. Rd8+ Kh7 33. a3 Nf5 1/2-1/2

[Event "IECC CL1-2003.04 email"]
[Site "IECC email"]
[Date "2003.03.17"]
[Round "?"]
[White "Thomson, Thomas"]
[Black "Adams, Mark"]
[Result "1-0"]
[WhiteElo "2408"]
[BlackElo "2186"]
[PlyCount "87"]
[EventDate "2003.??.??"]
[EventType "tourn (corr)"]
[EventRounds "4"]
[SourceTitle "Corr 2008"]
[Source "ChessBase"]
[SourceDate "2008.06.24"]
[SourceVersion "1"]
[SourceVersionDate "2008.06.24"]
[SourceQuality "1"]

1. e4 c5 2. Nf3 d6 3. d4 cxd4 4. Nxd4 Nf6 5. Nc3 a6 6. Bg5 e6 7. f4 Qb6 8. Qd2 Qxb2 9. Rb1 Qa3 10. e5 dxe5 11. fxe5 Nfd7 12. Ne4 h6 13. Bb5 axb5 14. Nxb5 hxg5 15. Nxa3 Rxa3 16. Rb5 Nc6 17. Qxg5 Rxa2 18. 0-0 Rxc2 19. Qf4 Nd8 20. Nd6+ Bxd6 21. exd6 e5 22. Qg5 0-0 23. Rb4 Ne6 24. Qf5 Rc3 25. Rh4 g6 26. Qg4 Kg7 27. Qd1 f5 28. Qd2 Rc6 29. Qh6+ Kf6 30. Rg4 Rxd6 31. Rxg6+ Ke7 32. Qh7+ Rf7 33. Qh8 Rc6 34. g4 f4 35. g5 Rf8 36. Qh7+ Kd8 37. Rg8 b5 38. g6 Rxg8 39. Qxg8+ Kc7 40. g7 Nxg7 41. Qxg7 Bb7 42. Rd1 Rd6 43. Rxd6 Kxd6 44. Qg6+ 1-0

[Event "IECC CL1-2001.03"]
[Site "IECC email"]
[Date "2001.02.02"]
[Round "?"]
[White "Thomson, Thomas"]
[Black "Bergmann, Michael"]
[Result "0-1"]
[WhiteElo "2438"]
[BlackElo "2409"]
[PlyCount "38"]
[EventDate "2001.??.??"]
[EventType "tourn (corr)"]
[EventRounds "4"]
[SourceTitle "Corr 2008"]
[Source "ChessBase"]
[SourceDate "2008.06.24"]
[SourceVersion "1"]
[SourceVersionDate "2008.06.24"]
[SourceQuality "1"]

1. e4 c5 2. Nf3 d6 3. d4 cxd4 4. Nxd4 Nf6 5. Nc3 a6 6. Bg5 e6 7. f4 Be7 8. Qf3 h6 9. Bh4 Qc7 10. 0-0-0 Nbd7 11. Be2 b5 12. Bxf6 Nxf6 13. e5 Bb7 14. Qg3 dxe5 15. fxe5 Nd5 16. Nxe6 fxe6 17. Bh5+ Kd8 18. Qxg7 Bg5+ 19. Kb1 Qxg7 0-1

[Event "Rusakov Memorial corr"]
[Site "Russia corr"]
[Date "1999.??.??"]
[Round "?"]
[White "Neborak, Yury Trofimovich"]
[Black "Thomson, Thomas"]
[Result "1/2-1/2"]
[WhiteElo "2289"]
[BlackElo "2414"]
[PlyCount "57"]
[EventDate "1999.??.??"]
[EventType "tourn (corr)"]
[EventRounds "14"]
[EventCountry "RUS"]
[EventCategory "5"]
[SourceTitle "Corr 2002"]
[Source "ChessBase"]
[SourceDate "2002.05.23"]
[SourceVersion "1"]
[SourceVersionDate "2002.05.23"]
[SourceQuality "1"]

1. e4 d5 2. exd5 Nf6 3. Bb5+ Bd7 4. Be2 Nxd5 5. d4 Bf5 6. Nf3 e6 7. 0-0 Be7 8. a3 0-0 9. c4 Nf6 10. Nc3 Ne4 11. Qb3 Nxc3 12. bxc3 b6 13. Ne5 Be4 14. Be3 Nd7 15. Bf3 Bxf3 16. Nxf3 Bd6 17. Bg5 Qc8 18. Rfe1 c6 19. Bh4 Re8 20. Bg3 Bxg3 21. hxg3 Qc7 22. Ra2 Red8 23. Rae2 Rac8 24. Re3 Nf6 25. Ne5 Rd6 26. Qb2 Rcd8 27. Rf3 c5 28. Rf4 Qc8 29. Rb1 1/2-1/2

[Event "SCCA-ch corr9900"]
[Site "Scotland"]
[Date "1999.??.??"]
[Round "?"]
[White "Thomson, Thomas"]
[Black "MacMillen, Andrew N"]
[Result "1-0"]
[WhiteElo "2414"]
[BlackElo "2080"]
[PlyCount "91"]
[EventDate "1999.??.??"]
[EventType "tourn (corr)"]
[EventRounds "10"]
[EventCountry "SCO"]
[SourceTitle "Corr 2002"]
[Source "ChessBase"]
[SourceDate "2002.05.23"]
[SourceVersion "1"]
[SourceVersionDate "2002.05.23"]
[SourceQuality "1"]

1. e4 c5 2. Nf3 Nc6 3. d4 cxd4 4. Nxd4 Nf6 5. Nc3 e6 6. Nxc6 bxc6 7. e5 Nd5 8. Ne4 Qc7 9. f4 Qb6 10. c4 Ne3 11. Qd3 Nf5 12. g4 Nd4 13. Bg2 Bb7 14. b3 c5 15. Bb2 Rd8 16. Rd1 d6 17. 0-0 dxe5 18. fxe5 Be7 19. Qe3 0-0 20. Nf6+ Kh8 21. Bxb7 Qxb7 22. Qe4 Qxe4 23. Nxe4 Kg8 24. h3 Rd7 25. Ba3 Rfd8 26. Kf2 Nc6 27. Rxd7 Rxd7 28. Bxc5 Bxc5+ 29. Nxc5 Rd2+ 30. Kg3 Nxe5 31. a3 Kf8 32. Nxe6+ Ke7 33. Nxg7 Rd3+ 34. Kf4 Ng6+ 35. Ke4 Rxb3 36. Nf5+ Ke8 37. h4 Rxa3 38. Rb1 Ra5 39. Rb7 Re5+ 40. Kd4 Ra5 41. h5 Nh4 42. Nxh4 Rg5 43. Nf5 Rxg4+ 44. Kd5 Rg5 45. Kd6 f6 46. Ke6 1-0

[Event "North Sea tt 1st Bd1 corr"]
[Site "England"]
[Date "1998.??.??"]
[Round "?"]
[White "Oomen, Ali MJG"]
[Black "Thomson, Thomas"]
[Result "1/2-1/2"]
[WhiteElo "2382"]
[BlackElo "2414"]
[PlyCount "36"]
[EventDate "1998.??.??"]
[EventType "team (corr)"]
[EventRounds "10"]
[EventCountry "ENG"]
[SourceTitle "Corr 2002"]
[Source "ChessBase"]
[SourceDate "2002.05.23"]
[SourceVersion "1"]
[SourceVersionDate "2002.05.23"]
[SourceQuality "1"]

1. e4 c5 2. Nf3 d6 3. d4 cxd4 4. Nxd4 Nf6 5. Nc3 a6 6. Rg1 e5 7. Nb3 Be6 8. g4 d5 9. exd5 Nxd5 10. Nxd5 Qxd5 11. Be3 Nc6 12. Qxd5 Bxd5 13. 0-0-0 0-0-0 14. Be2 Bxb3 15. Rxd8+ Kxd8 16. Rd1+ Kc7 17. axb3 Bd6 18. h4 g6 1/2-1/2

[Event "North Sea tt 1st Bd1 corr"]
[Site "England"]
[Date "1998.??.??"]
[Round "?"]
[White "Thomson, Thomas"]
[Black "Frostick, Clive A"]
[Result "1/2-1/2"]
[WhiteElo "2414"]
[BlackElo "2466"]
[PlyCount "61"]
[EventDate "1998.??.??"]
[EventType "team (corr)"]
[EventRounds "10"]
[EventCountry "ENG"]
[SourceTitle "Corr 2002"]
[Source "ChessBase"]
[SourceDate "2002.05.23"]
[SourceVersion "1"]
[SourceVersionDate "2002.05.23"]
[SourceQuality "1"]

1. e4 c5 2. Nf3 Nc6 3. c3 d5 4. exd5 Qxd5 5. d4 Bg4 6. Be2 cxd4 7. cxd4 e6 8. Nc3 Qa5 9. 0-0 Nf6 10. h3 Bh5 11. a3 Bd6 12. Be3 0-0 13. b4 Qd8 14. Qb3 h6 15. Rfd1 Ne7 16. Rd2 Ned5 17. Nxd5 Nxd5 18. Rc1 Qf6 19. Ne1 Bxe2 20. Rxe2 Rfc8 21. Rec2 Qd8 22. Bd2 Rxc2 23. Qxc2 Ne7 24. Qe4 Qd7 25. Qg4 Nf5 26. Nf3 Rc8 27. Rxc8+ Qxc8 28. Qe4 Ne7 29. Ne5 Bc7 30. Qf3 f6 31. Nd3 1/2-1/2